ভারতের নাট্য-ঐতিহ্য : (Record no. 56335)
[ view plain ]
| 000 -LEADER | |
|---|---|
| fixed length control field | 01015nam a2200241 a 4500 |
| 001 - CONTROL NUMBER | |
| control field | 56335 |
| 003 - CONTROL NUMBER IDENTIFIER | |
| rucl marc code | BD-RjUL |
| 005 - DATE AND TIME OF LATEST TRANSACTION | |
| control field | 20211209080401.0 |
| 008 - FIXED-LENGTH DATA ELEMENTS--GENERAL INFORMATION | |
| fixed length control field | 161128s1999 ii ||||| |||| 00| 0 ben d |
| 020 ## - INTERNATIONAL STANDARD BOOK NUMBER | |
| International Standard Book Number | 8123714807 |
| 035 ## - SYSTEM CONTROL NUMBER | |
| System control number | (BD-RjUL)56459 |
| 040 ## - CATALOGING SOURCE | |
| Original cataloging agency | BD-RjUL |
| Language of cataloging | ben |
| Transcribing agency | BD-RjUL |
| 041 ## - LANGUAGE CODE | |
| Language code of text/sound track or separate title | ben |
| 082 ## - DEWEY DECIMAL CLASSIFICATION NUMBER | |
| Edition number | 23 |
| Classification number | 792.0954 |
| Author mark and year | BAB 1980 |
| 100 1# - MAIN ENTRY--PERSONAL NAME | |
| Personal name | বাৎস্যায়ন, কপিলা |
| 9 (RLIN) | 167662 |
| 245 10 - TITLE STATEMENT | |
| Title | ভারতের নাট্য-ঐতিহ্য : |
| Remainder of title | বিচিত্র প্রবাহ / |
| Statement of responsibility, etc. | বাৎস্যায়ন, কপিলা, অনুবাদ নারায়ণ চৌধুরী |
| 260 ## - PUBLICATION, DISTRIBUTION, ETC. (IMPRINT) | |
| Place of publication, distribution, etc. | ইন্ডিয়া : |
| Name of publisher, distributor, etc. | ন্যাশনাল বুক ট্রাস্ট ; |
| Date of publication, distribution, etc. | ১৯৮০ |
| 300 ## - PHYSICAL DESCRIPTION | |
| Pagination | ২৩৬ পৃ : |
| Illustrations | চিত্র ; |
| Size | ২৫ সেমি. |
| 650 ## - SUBJECT ADDED ENTRY--TOPICAL TERM | |
| Topical term or geographic name as entry element | মঞ্চ নাটক |
| 9 (RLIN) | 167627 |
| Geographic subdivision | ভারত |
| Topical term or geographic name as entry element | Theater |
| Geographic subdivision | India |
| 9 (RLIN) | 167663 |
| 700 ## - ADDED ENTRY--PERSONAL NAME | |
| Personal name | চৌধুরী, নারায়ণ |
| 942 ## - ADDED ENTRY ELEMENTS (KOHA) | |
| Source of classification or shelving scheme | Dewey Decimal Classification |
| Koha item type | Books |
| Lost status | Source of classification or shelving scheme | Damaged status | Not for loan | Collection code | Permanent Location | Current Location | Shelving location | Date acquired | Source of acquisition | Cost, normal purchase price | Total Checkouts | Full call number | Date last seen | Copy number | Koha item type |
|---|---|---|---|---|---|---|---|---|---|---|---|---|---|---|---|
| Dewey Decimal Classification | Non-fiction | Central Library, University of Rajshahi | Central Library, University of Rajshahi | 18/07/2006 | Dhaka,Paragon Enterprise Lit., | 82.00 | B 792.0954 BAB 1980 | 28/11/2016 | C-2 | Books | |||||
| Dewey Decimal Classification | Not For Loan | Non-fiction | Central Library, University of Rajshahi | Central Library, University of Rajshahi | Reading Room | 18/07/2006 | Paragon, Dhaka. | 82.00 | B 792.0954 BAB 1980 | 28/01/2017 | C-1 | Books |